<?xml version="1.0" encoding="UTF-8"?>
<record
    xmlns:xsi="http://www.w3.org/2001/XMLSchema-instance"
    xsi:schemaLocation="http://www.loc.gov/MARC21/slim http://www.loc.gov/standards/marcxml/schema/MARC21slim.xsd"
    xmlns="http://www.loc.gov/MARC21/slim">

  <leader>01212nam2a22002531  4500</leader>
  <controlfield tag="001">rc\3203911</controlfield>
  <controlfield tag="005">20250609191230.0</controlfield>
  <datafield tag="021" ind1=" " ind2=" ">
    <subfield code="a">RU</subfield>
    <subfield code="b">[77-64463]</subfield>
  </datafield>
  <datafield tag="035" ind1=" " ind2=" ">
    <subfield code="a">(NLR Aleph) 007463106</subfield>
  </datafield>
  <datafield tag="090" ind1=" " ind2=" ">
    <subfield code="a">7338021</subfield>
    <subfield code="c">7338021</subfield>
  </datafield>
  <datafield tag="100" ind1=" " ind2=" ">
    <subfield code="a">20130115d1977    |||y0rusy50      ca</subfield>
  </datafield>
  <datafield tag="101" ind1="1" ind2=" ">
    <subfield code="a">rus</subfield>
    <subfield code="c">geo</subfield>
  </datafield>
  <datafield tag="102" ind1=" " ind2=" ">
    <subfield code="a">RU</subfield>
  </datafield>
  <datafield tag="105" ind1=" " ind2=" ">
    <subfield code="a">y   z   |||a|</subfield>
  </datafield>
  <datafield tag="200" ind1="1" ind2=" ">
    <subfield code="a">&#x426;&#x432;&#x435;&#x442;&#x435;&#x43D;&#x438;&#x435; &#x43B;&#x43E;&#x437;&#x44B;</subfield>
    <subfield code="e">&#x420;&#x43E;&#x43C;&#x430;&#x43D;</subfield>
    <subfield code="f">&#x41A;&#x43E;&#x43D;&#x441;&#x442;&#x430;&#x43D;&#x442;&#x438;&#x43D;&#x44D; &#x413;&#x430;&#x43C;&#x441;&#x430;&#x445;&#x443;&#x440;&#x434;&#x438;&#x430;</subfield>
    <subfield code="g">[&#x410;&#x432;&#x442;&#x43E;&#x440;&#x438;&#x437;. &#x43F;&#x435;&#x440;. &#x441; &#x422;&#x440;&#x435;&#x433;&#x443;&#x431;&#x430;]</subfield>
  </datafield>
  <datafield tag="210" ind1=" " ind2=" ">
    <subfield code="d">1977</subfield>
    <subfield code="a">&#x411;. &#x43C;.</subfield>
  </datafield>
  <datafield tag="215" ind1=" " ind2=" ">
    <subfield code="a">351 &#x441;.</subfield>
    <subfield code="d">20</subfield>
  </datafield>
  <datafield tag="300" ind1=" " ind2=" ">
    <subfield code="a">&#x418;&#x437;&#x434;. &#x432;&#x44B;&#x445;&#x43E;&#x434;&#x438;&#x442; &#x441; 1972 &#x433;.</subfield>
  </datafield>
  <datafield tag="461" ind1=" " ind2="0">
    <subfield code="1">001rc\1038365</subfield>
    <subfield code="1">2001#$a&#x421;&#x43E;&#x431;&#x440;&#x430;&#x43D;&#x438;&#x435; &#x441;&#x43E;&#x447;&#x438;&#x43D;&#x435;&#x43D;&#x438;&#x439;$e&#x412; 8 &#x442;.$e&#x41F;&#x435;&#x440;. &#x441; &#x433;&#x440;&#x443;&#x437;.$f&#x41A;&#x43E;&#x43D;&#x441;&#x442;&#x430;&#x43D;&#x442;&#x438;&#x43D;&#x44D; &#x413;&#x430;&#x43C;&#x441;&#x430;&#x445;&#x443;&#x440;&#x434;&#x438;&#x430;$g[&#x420;&#x435;&#x434;&#x43A;&#x43E;&#x43B;.: &#x418;. &#x410;&#x431;&#x430;&#x448;&#x438;&#x434;&#x437;&#x435; &#x438; &#x434;&#x440;.]$v&#x422;. 5</subfield>
    <subfield code="1">700#1$a&#x413;&#x430;&#x43C;&#x441;&#x430;&#x445;&#x443;&#x440;&#x434;&#x438;&#x430;$b&#x41A;.&#x421;.$g&#x41A;&#x43E;&#x43D;&#x441;&#x442;&#x430;&#x43D;&#x442;&#x438;&#x43D; &#x421;&#x435;&#x43C;&#x435;&#x43D;&#x43E;&#x432;&#x438;&#x447;$f1891-1975</subfield>
    <subfield code="9">6735133</subfield>
    <subfield code="a">&#x413;&#x430;&#x43C;&#x441;&#x430;&#x445;&#x443;&#x440;&#x434;&#x438;&#x430;, &#x41A;.&#x421;. (1891-1975)</subfield>
    <subfield code="c">&#x422;&#x431;&#x438;&#x43B;&#x438;&#x441;&#x438;</subfield>
    <subfield code="d">1981</subfield>
    <subfield code="f">&#x41A;&#x43E;&#x43D;&#x441;&#x442;&#x430;&#x43D;&#x442;&#x438;&#x43D;&#x44D; &#x413;&#x430;&#x43C;&#x441;&#x430;&#x445;&#x443;&#x440;&#x434;&#x438;&#x430;</subfield>
    <subfield code="n">&#x41C;&#x435;&#x440;&#x430;&#x43D;&#x438;</subfield>
    <subfield code="o">&#x412; 8 &#x442;. : &#x41F;&#x435;&#x440;. &#x441; &#x433;&#x440;&#x443;&#x437;.</subfield>
    <subfield code="t">&#x421;&#x43E;&#x431;&#x440;&#x430;&#x43D;&#x438;&#x435; &#x441;&#x43E;&#x447;&#x438;&#x43D;&#x435;&#x43D;&#x438;&#x439;</subfield>
    <subfield code="v">&#x422;. 5</subfield>
  </datafield>
  <datafield tag="801" ind1=" " ind2="0">
    <subfield code="a">RU</subfield>
    <subfield code="b">NLR</subfield>
    <subfield code="g">psbo</subfield>
  </datafield>
  <datafield tag="801" ind1=" " ind2="1">
    <subfield code="a">RU</subfield>
    <subfield code="b">ELAR</subfield>
    <subfield code="2">rusmarc</subfield>
  </datafield>
  <datafield tag="852" ind1=" " ind2=" ">
    <subfield code="a">NLR</subfield>
    <subfield code="j">72-3/8462</subfield>
  </datafield>
  <datafield tag="942" ind1=" " ind2=" ">
    <subfield code="c">BOOK</subfield>
  </datafield>
  <datafield tag="980" ind1=" " ind2=" ">
    <subfield code="a">NB</subfield>
  </datafield>
  <datafield tag="995" ind1=" " ind2=" ">
    <subfield code="5">2013-10-26</subfield>
    <subfield code="b">NLR01</subfield>
    <subfield code="c">NLR01</subfield>
    <subfield code="e">RF91</subfield>
    <subfield code="f">7463106-10</subfield>
    <subfield code="k">72-3/8462</subfield>
    <subfield code="o">0</subfield>
    <subfield code="r">BOOK</subfield>
    <subfield code="s">7238462_</subfield>
  </datafield>
</record>
